| 000 | 00717nam a2200229 a 4500 | ||
|---|---|---|---|
| 999 |
_c2433 _d2433 |
||
| 001 | 2433 | ||
| 003 | BD-JhCC | ||
| 005 | 20171106172233.0 | ||
| 008 | 171102s2013 bg |||| |||| 000 0 ben d | ||
| 020 | _a98482422734 | ||
| 035 | _a(BD-JhCC)2433 | ||
| 040 |
_aBD-JhCC _dBD-JhCC |
||
| 041 | _aben | ||
| 082 |
_a891.4435 _bRAH 2013 |
||
| 245 |
_aরহস্য রোমাঞ্চ গল্প / _cইমদাদুল হক মিলন |
||
| 260 |
_aঢাকা : _bজোনাকী প্রকাশনী, _c২০১৩. |
||
| 300 |
_a৫১০ পৃ. : _c২১ সেমি. |
||
| 650 | _aShort stories | ||
| 700 | _aমিলন, ইমদাদুল হক | ||
| 942 |
_2ddc _cBK |
||